LEADER 00997nam a2200217 i 4500 001 000000154249 003 CaOOAMICUS 005 20061017000000.0 008 061017s1964 it u000 u ita u 013 $a131595 040 $aSeMil$bita 245 10$aPensieri spirituali della Beata Maria Maddalena Martinengo da Barco :$bclarissa cappuccina : 1687-1737 /$ca cura di Carlo Lindner. 260 $aMilano :$bVita e Pensiero,$cstampa 1964. 300 $a54 p. ;$c17 cm. 600 14$aMartinengo, Maria Maddalena .$0(OLS)http://semarc/subject/45017 700 1 $aLindner, Carlo.$0(OLS)http://semarc/name/60367 850 $aSeMil 852 $aSeMil$W1$xVenegono$y1$m5A III 3/4$j106109$B106109$CSeMilBibl$Z2$F115547 $81 961 $aRecupero: Altro 996 $6245$aPensieri spirituali della Beata Maria Maddalena Martinengo da Barco :$bclarissa cappuccina : 1687-1737$9(OLS)http://semarc/title/225741 996 $6260$aMilano :$bVita e Pensiero$9(OLS)http://semarc/publisher/29642 LEADER 00749nam a2200205 i 4500 001 000000160241 003 CaOOAMICUS 005 20070315000000.0 008 070315s2006 it u000 u ita u 013 $a137604 020 $a88-452-5776-2 040 $aSeMil$bita 245 10$aSe-Teol. 300 $aX, P. 10393-11450. 773 0 $tEnciclopedia filosofica.$dGallarate : Fondazione centro studi filosofici, 2006.$bnuova ed. interamente riveduta e ampliata.$gVol.11$w()15812 850 $aSeMil 852 $aSeMil$W1$xVenegono$y1$mSL1.N II 57$j258007$B111717$CSeMilBibl$Z2$F121675 $8I 961 $aOmaggio: Cecchetto Fiorenza 996 $6020$a88-452-5776-2$9(OLS)http://semarc/number/75984 996 $6245$aSe-Teol$9(OLS)http://semarc/title/142738